[Event "Vandoeuvre op 16th"]
[Site "Vandoeuvre"]
[Date "2019.12.29"]
[Round "8"]
[White "Juchat, Gael"]
[Black "Steininger, Denis"]
[Result "1-0"]
[WhiteElo "1654"]
[BlackElo "1971"]
[PlyCount "69"]
[EventDate "2019.12.26"]
[EventType "swiss"]
[EventRounds "9"]
[EventCountry "FRA"]
[SourceTitle "CBM 194 Extra"]
[Source "ChessBase"]
[SourceDate "2020.03.31"]
[SourceVersion "1"]
[SourceVersionDate "2020.03.31"]
[SourceQuality "1"]

1. d4 c5 2. c3 cxd4 3. cxd4 g6 4. Nf3 Bg7 5. e4 d6 6. Bc4 Nf6 7. Nc3 Nc6 8. 0-0 0-0 9. d5 Nb8 10. Be3 Nbd7 11. Qd2 Ng4 12. Bd4 Nde5 13. Nxe5 dxe5 14. Bc5 Qc7 15. b4 b6 16. d6 Qd8 17. Qd5 Be6 18. Qxe6 fxe6 19. Bxe6+ Rf7 20. dxe7 Qe8 21. Bd6 Nf6 22. f4 exf4 23. Rxf4 Kh8 24. Bxf7 Qxf7 25. e5 Qe6 26. Raf1 Nd7 27. Nb5 Rc8 28. Nc7 Qg8 29. e6 Nb8 30. Rf8 Bxf8 31. Rxf8 Rxf8 32. exf8Q Qxf8 33. Bxf8 Nc6 34. b5 Kg8 35. Ba3 1-0

[Event "Vandoeuvre op-B 15th"]
[Site "Vandoeuvre"]
[Date "2019.01.02"]
[Round "1.7"]
[White "Vukojevic Ferrari, Viktor"]
[Black "Steininger, Denis"]
[Result "1/2-1/2"]
[WhiteElo "1611"]
[BlackElo "1947"]
[PlyCount "110"]
[EventDate "2019.01.02"]
[EventType "swiss"]
[EventRounds "9"]
[EventCountry "FRA"]
[SourceTitle "EXT 2020"]
[Source "ChessBase"]
[SourceDate "2019.10.17"]
[SourceVersion "1"]
[SourceVersionDate "2019.10.17"]
[SourceQuality "1"]

1. d4 Nf6 2. c4 e6 3. Nc3 Bb4 4. Qc2 Nc6 5. e3 0-0 6. Bd3 d5 7. Nge2 e5 8. cxd5 Qxd5 9. 0-0 Qd8 10. Rd1 Bd6 11. a3 a6 12. Ne4 Nxe4 13. Bxe4 exd4 14. Nxd4 Ne5 15. Bxh7+ Kh8 16. Bf5 g6 17. Bxc8 Rxc8 18. Qe2 Qh4 19. h3 Kg7 20. Kf1 Qe7 21. Bd2 b5 22. Bc3 f6 23. Nf3 Nc4 24. Nd2 Nb6 25. Qf3 Na4 26. Ne4 Be5 27. Bxe5 fxe5 28. Qe2 Rfd8 29. b3 Nb6 30. Qb2 c5 31. Rac1 c4 32. Rxd8 Rxd8 33. bxc4 Nxc4 34. Qb4 Kf7 35. Qxe7+ Kxe7 36. a4 Rc8 37. Ke2 bxa4 38. Nd2 Nb6 39. Rxc8 Nxc8 40. Nc4 Ke6 41. Kd3 Na7 42. h4 Nc6 43. g4 Nb4+ 44. Kc3 Nd5+ 45. Kd3 Nf6 46. h5 Nxg4 47. hxg6 Nxf2+ 48. Kc3 Ng4 49. Kb4 a3 50. Kxa3 Kf6 51. Ka4 Kxg6 52. Nxe5+ Nxe5 53. Ka5 Kf5 54. Kxa6 Ke4 55. Kb5 Kxe3 1/2-1/2

[Event "Metz op 28th"]
[Site "Metz"]
[Date "2010.04.16"]
[Round "4"]
[White "Steininger, Denis"]
[Black "Keller, Christophe"]
[Result "1/2-1/2"]
[WhiteElo "2032"]
[BlackElo "2200"]
[PlyCount "40"]
[EventDate "2010.04.10"]
[EventType "swiss"]
[EventRounds "9"]
[EventCountry "FRA"]
[SourceTitle "CBM 136 Extra"]
[Source "ChessBase"]
[SourceDate "2010.07.02"]
[SourceVersion "2"]
[SourceVersionDate "2010.07.15"]
[SourceQuality "1"]

1. e4 e6 2. d4 d5 3. Nc3 Bb4 4. e5 c5 5. a3 Bxc3+ 6. bxc3 Ne7 7. a4 Qc7 8. Nf3 h6 9. h4 b6 10. Bb5+ Bd7 11. 0-0 Bxb5 12. axb5 a5 13. bxa6 Rxa6 14. Rxa6 Nxa6 15. Qe2 Nb8 16. Qb5+ Nd7 17. Be3 0-0 18. Ra1 cxd4 19. cxd4 f6 20. exf6 Rxf6 1/2-1/2

[Event "Vandoeuvre op 5th"]
[Site "Vandoeuvre"]
[Date "2008.12.28"]
[Round "6"]
[White "Riff, Jean Noel"]
[Black "Steininger, Denis"]
[Result "1/2-1/2"]
[WhiteElo "2512"]
[BlackElo "1987"]
[PlyCount "117"]
[EventDate "2008.12.26"]
[EventType "swiss"]
[EventRounds "9"]
[EventCountry "FRA"]
[SourceTitle "CBM 127 Extra"]
[Source "ChessBase"]
[SourceDate "2009.01.08"]
[SourceVersion "2"]
[SourceVersionDate "2009.01.28"]
[SourceQuality "1"]

1. e4 d6 2. d4 Nf6 3. Nc3 Nbd7 4. g4 e5 5. g5 Ng8 6. h4 h5 7. f4 exf4 8. Bxf4 g6 9. Bc4 Nb6 10. Bb3 Bg4 11. Qd2 Bg7 12. Qf2 Ne7 13. Be5 0-0 14. Bxg7 Kxg7 15. Qf6+ Kh7 16. Nge2 Nc6 17. 0-0 Qxf6 18. Rxf6 Kg7 19. Raf1 Nd8 20. Kg2 Ne6 21. Bxe6 fxe6 22. Rxf8 Rxf8 23. Rxf8 Kxf8 24. Nf4 Kf7 25. Nb5 Nc4 26. Nxc7 a6 27. Kf2 Nxb2 28. Ke3 e5 29. dxe5 dxe5 30. Nfd5 Nc4+ 31. Kd3 Nd6 32. c4 Bf3 33. Nc3 Ke7 34. N7d5+ Ke6 35. Nf6 Nc8 36. c5 Ne7 37. Ncd5 Nc6 38. Ne8 Nd8 39. Nd6 Bg2 40. Ne3 Bf3 41. Nec4 Bd1 42. Na5 b6 43. Nab7 Nxb7 44. Nxb7 b5 45. Nd8+ Ke7 46. Nc6+ Ke6 47. Nb4 a5 48. Nc6 a4 49. a3 Bb3 50. Kc3 Bd1 51. Nb4 Bf3 52. Kd3 Kd7 53. Ke3 Bg2 54. Nd3 Kc6 55. Nxe5+ Kxc5 56. Nxg6 b4 57. axb4+ Kxb4 58. Nf4 a3 59. g6 1/2-1/2

[Event "Metz op 25th"]
[Site "Metz"]
[Date "2007.04.14"]
[Round "1"]
[White "Steininger, Denis"]
[Black "Fedorchuk, Sergey A"]
[Result "0-1"]
[WhiteElo "1983"]
[BlackElo "2603"]
[PlyCount "52"]
[EventDate "2007.04.14"]
[EventType "swiss"]
[EventRounds "9"]
[EventCountry "FRA"]
[SourceTitle "CBM 117 Extra"]
[Source "ChessBase"]
[SourceDate "2007.05.09"]
[SourceVersion "1"]
[SourceVersionDate "2007.05.09"]
[SourceQuality "1"]

1. Nf3 Nf6 2. g3 b5 3. Bg2 Bb7 4. a4 b4 5. Nh4 Bxg2 6. Nxg2 c5 7. b3 d5 8. Bb2 e6 9. d3 Nc6 10. Nd2 Bd6 11. e4 0-0 12. f4 e5 13. f5 c4 14. bxc4 dxe4 15. Nxe4 Nxe4 16. dxe4 Bc5 17. Qd3 Qb6 18. 0-0-0 Rfd8 19. Qb3 Na5 20. Qa2 b3 21. cxb3 Nxb3+ 22. Kc2 Nd4+ 23. Bxd4 Bxd4 24. Rhe1 Rab8 25. Rb1 Qa5 26. Qa3 Bc5 0-1

[Event "Graz op-A"]
[Site "Graz"]
[Date "2004.09.05"]
[Round "2"]
[White "Steininger, Denis"]
[Black "Westermayer, Johann"]
[Result "1-0"]
[WhiteElo "2081"]
[BlackElo "1944"]
[PlyCount "107"]
[EventDate "2004.09.04"]
[EventType "swiss"]
[EventRounds "9"]
[EventCountry "AUT"]
[SourceTitle "EXT 2006"]
[Source "ChessBase"]
[SourceDate "2005.11.24"]
[SourceVersion "1"]
[SourceVersionDate "2005.11.24"]
[SourceQuality "1"]

1. e4 Nf6 2. e5 Nd5 3. d4 d6 4. Nf3 g6 5. Bc4 Nb6 6. Bb3 Bg7 7. Ng5 d5 8. f4 0-0 9. 0-0 Nc6 10. c3 f6 11. Nf3 Bf5 12. Be3 Na5 13. Nbd2 Nxb3 14. axb3 Bg4 15. h3 Bxf3 16. Rxf3 fxe5 17. fxe5 e6 18. Qe2 Qd7 19. c4 c6 20. c5 Nc8 21. Rxf8+ Bxf8 22. Rf1 Ne7 23. Qf2 Nf5 24. Bg5 Be7 25. Nf3 Rf8 26. g4 Ng7 27. Bh6 Rf7 28. Qe3 Qe8 29. Kg2 Qd8 30. Kg3 Qd7 31. h4 b6 32. Rh1 Qc8 33. Bg5 Qd8 34. Bf4 Qf8 35. b4 Qb8 36. Rh2 Qc8 37. Rc2 Qa6 38. cxb6 Qxb6 39. Qc3 Bxb4 40. Qxc6 h5 41. Qxb6 axb6 42. Rc6 Ba5 43. Bh6 hxg4 44. Bxg7 Rxf3+ 45. Kxg4 Rf1 46. Bf6 Rg1+ 47. Kh3 Rb1 48. Rxe6 Rxb2 49. Rd6 Rb5 50. e6 Rb3+ 51. Kg4 b5 52. Rd7 Bb4 53. Rd8+ Kh7 54. Rh8# 1-0

[Event "Graz op-A"]
[Site "Graz"]
[Date "2004.09.04"]
[Round "1"]
[White "Schnider, Gert"]
[Black "Steininger, Denis"]
[Result "1-0"]
[WhiteElo "2314"]
[BlackElo "2081"]
[PlyCount "65"]
[EventDate "2004.09.04"]
[EventType "swiss"]
[EventRounds "9"]
[EventCountry "AUT"]
[SourceTitle "EXT 2006"]
[Source "ChessBase"]
[SourceDate "2005.11.24"]
[SourceVersion "1"]
[SourceVersionDate "2005.11.24"]
[SourceQuality "1"]

1. d4 Nf6 2. c4 e6 3. Nc3 Bb4 4. Qc2 Nc6 5. e3 d5 6. Bd3 Qe7 7. f4 Bd7 8. Nf3 a5 9. 0-0 Bxc3 10. bxc3 a4 11. Rb1 b6 12. Ne5 dxc4 13. Nxc4 h5 14. Ba3 Qd8 15. e4 Na5 16. Ne5 Ng4 17. Rf3 Nxe5 18. fxe5 Qg5 19. Rb2 0-0-0 20. Rxf7 h4 21. Be7 Qe3+ 22. Kh1 Rdg8 23. Ba3 h3 24. g3 Qh6 25. d5 Qg5 26. Ba6+ Kd8 27. dxe6 Bxe6 28. Qd1+ Ke8 29. Qxa4+ c6 30. Re7+ Qxe7 31. Bxe7 Kxe7 32. Qb4+ Kd7 33. Qd6+ 1-0

[Event "Budapest FS08 FM-B"]
[Site "Budapest"]
[Date "2004.08.16"]
[Round "2.5"]
[White "Steininger, Denis"]
[Black "Hoang, Tri"]
[Result "0-1"]
[WhiteElo "2081"]
[BlackElo "2070"]
[PlyCount "72"]
[EventDate "2004.08.07"]
[EventType "tourn"]
[EventRounds "10"]
[EventCountry "HUN"]
[SourceTitle "EXT 2005"]
[Source "ChessBase"]
[SourceDate "2004.11.15"]
[SourceVersion "1"]
[SourceVersionDate "2004.11.15"]
[SourceQuality "1"]

1. e4 e5 2. Nf3 Nf6 3. Nc3 Nc6 4. Bb5 Bb4 5. Nd5 Bc5 6. Qe2 0-0 7. d3 h6 8. Ne3 d6 9. Bxc6 bxc6 10. Nf5 Bxf5 11. exf5 Qd7 12. Nh4 Rfe8 13. 0-0 e4 14. c3 exd3 15. Qxd3 Re4 16. Qg3 Rg4 17. Qh3 Re8 18. b4 Bb6 19. Be3 Ree4 20. g3 Bxe3 21. fxe3 Rxe3 22. Rac1 Rc4 23. Rf3 Rxf3 24. Nxf3 Nd5 25. Qf1 Rxc3 26. Rxc3 Nxc3 27. Qc4 Nd5 28. Nd4 Qe8 29. Nxc6 Qe1+ 30. Qf1 Qe3+ 31. Kh1 Qe4+ 32. Qg2 Qb1+ 33. Qg1 Qxa2 34. Qe1 Qc4 35. Qe8+ Kh7 36. Nd8 Qf1# 0-1

[Event "Budapest FS08 FM-B"]
[Site "Budapest"]
[Date "2004.08.15"]
[Round "2.4"]
[White "Makrai, Peter"]
[Black "Steininger, Denis"]
[Result "1-0"]
[WhiteElo "1847"]
[BlackElo "2081"]
[PlyCount "52"]
[EventDate "2004.08.07"]
[EventType "tourn"]
[EventRounds "10"]
[EventCountry "HUN"]
[SourceTitle "EXT 2005"]
[Source "ChessBase"]
[SourceDate "2004.11.15"]
[SourceVersion "1"]
[SourceVersionDate "2004.11.15"]
[SourceQuality "1"]

1. e4 d6 2. d4 Nf6 3. Nc3 c6 4. Bg5 Qb6 5. Rb1 e5 6. Bxf6 gxf6 7. d5 Bg7 8. dxc6 0-0 9. cxb7 Bxb7 10. Bd3 f5 11. Nf3 d5 12. Be2 fxe4 13. Nh4 d4 14. Na4 Qf6 15. g3 d3 16. Bg4 d2+ 17. Qxd2 e3 18. Qxe3 Bxh1 19. Nc3 Nc6 20. f3 Nd4 21. Qf2 Bh6 22. Ne4 Qb6 23. Bf5 Be3 24. Qf1 Nxc2+ 25. Ke2 Qa6+ 26. Kd1 Qxf1+ 1-0

[Event "Budapest FS08 FM-B"]
[Site "Budapest"]
[Date "2004.08.14"]
[Round "2.3"]
[White "Steininger, Denis"]
[Black "Hocevar, Nikola"]
[Result "0-1"]
[WhiteElo "2081"]
[BlackElo "2136"]
[PlyCount "66"]
[EventDate "2004.08.07"]
[EventType "tourn"]
[EventRounds "10"]
[EventCountry "HUN"]
[SourceTitle "EXT 2005"]
[Source "ChessBase"]
[SourceDate "2004.11.15"]
[SourceVersion "1"]
[SourceVersionDate "2004.11.15"]
[SourceQuality "1"]

1. e4 c5 2. Nf3 Nc6 3. c3 Nf6 4. e5 Nd5 5. d4 cxd4 6. Bc4 Nb6 7. Bb3 d6 8. Bxf7+ Kxf7 9. Ng5+ Kg8 10. e6 Qe8 11. cxd4 h6 12. Nf7 Bxe6 13. Nxh8 Kxh8 14. 0-0 Nd5 15. Kh1 g6 16. Be3 Bg7 17. Nc3 Qf7 18. Re1 Rf8 19. Qd2 Kh7 20. Rad1 Nxc3 21. bxc3 Bd5 22. f4 Na5 23. Qe2 Nc4 24. Bc1 e6 25. Kg1 h5 26. Rd3 Bh6 27. Rf1 Nb6 28. Rh3 Bc4 29. Rd3 Qf5 30. Rfd1 Bxf4 31. Bxf4 Qxf4 32. Qe3 Bxd3 33. Qxd3 Nd5 0-1

[Event "Budapest FS08 FM-B"]
[Site "Budapest"]
[Date "2004.08.10"]
[Round "1.4"]
[White "Steininger, Denis"]
[Black "Makrai, Peter"]
[Result "1-0"]
[WhiteElo "2081"]
[BlackElo "1847"]
[PlyCount "57"]
[EventDate "2004.08.07"]
[EventType "tourn"]
[EventRounds "10"]
[EventCountry "HUN"]
[SourceTitle "EXT 2005"]
[Source "ChessBase"]
[SourceDate "2004.11.15"]
[SourceVersion "1"]
[SourceVersionDate "2004.11.15"]
[SourceQuality "1"]

1. e4 c5 2. Nf3 d6 3. d4 cxd4 4. Nxd4 Nf6 5. Nc3 a6 6. a4 e6 7. Be2 Be7 8. 0-0 0-0 9. Kh1 Nc6 10. Nb3 Qc7 11. f4 b6 12. Be3 Bb7 13. Bf3 Rad8 14. Qe1 Ba8 15. g4 Nb4 16. Qf2 Rb8 17. g5 Nd7 18. Nd4 g6 19. f5 exf5 20. exf5 Bxf3+ 21. Qxf3 Ne5 22. Qe4 Qb7 23. f6 Bd8 24. Kg1 Re8 25. Qh4 Kh8 26. Qh6 Rg8 27. Rf4 Bxf6 28. Rh4 Rg7 29. gxf6 1-0

[Event "Budapest FS08 FM-B"]
[Site "Budapest"]
[Date "2004.08.09"]
[Round "1.3"]
[White "Hocevar, Nikola"]
[Black "Steininger, Denis"]
[Result "1-0"]
[WhiteElo "2136"]
[BlackElo "2081"]
[PlyCount "57"]
[EventDate "2004.08.07"]
[EventType "tourn"]
[EventRounds "10"]
[EventCountry "HUN"]
[SourceTitle "EXT 2005"]
[Source "ChessBase"]
[SourceDate "2004.11.15"]
[SourceVersion "1"]
[SourceVersionDate "2004.11.15"]
[SourceQuality "1"]

1. c4 Nf6 2. Nc3 c5 3. g3 b6 4. Bg2 Nc6 5. Nf3 g6 6. 0-0 Bb7 7. e3 Na5 8. b3 Bg7 9. Bb2 Ne4 10. Qc2 Nd6 11. Nb5 Nxb5 12. Bxg7 Rg8 13. Bb2 Nc7 14. d4 cxd4 15. exd4 Rc8 16. Qd2 d5 17. Ne5 f6 18. Ng4 Ba6 19. Rfe1 Kf8 20. Ba3 Rg7 21. Nxf6 dxc4 22. Qh6 Qxd4 23. Bxe7+ Kf7 24. Rad1 Qc3 25. Nd5 Qb2 26. Nxc7 Rxc7 27. Bd5+ Ke8 28. Bf6+ Rge7 29. Bxb2 1-0

[Event "Budapest FS08 FM-B"]
[Site "Budapest"]
[Date "2004.08.08"]
[Round "1.2"]
[White "Steininger, Denis"]
[Black "Palczert, Miklos"]
[Result "1-0"]
[WhiteElo "2081"]
[BlackElo "2012"]
[PlyCount "141"]
[EventDate "2004.08.07"]
[EventType "tourn"]
[EventRounds "10"]
[EventCountry "HUN"]
[SourceTitle "EXT 2005"]
[Source "ChessBase"]
[SourceDate "2004.11.15"]
[SourceVersion "1"]
[SourceVersionDate "2004.11.15"]
[SourceQuality "1"]

1. e4 e5 2. Nf3 Nc6 3. Bb5 a6 4. Ba4 Nf6 5. 0-0 Be7 6. Qe2 b5 7. Bb3 0-0 8. d3 d6 9. c3 Na5 10. Bc2 c5 11. Nbd2 Bb7 12. d4 Qc7 13. d5 Bc8 14. Rd1 Bg4 15. Nf1 Nc4 16. b3 Nb6 17. Ne3 Bxf3 18. Qxf3 g6 19. Nf1 Qd8 20. Ng3 c4 21. Rb1 cxb3 22. axb3 h5 23. Bh6 Re8 24. Bd2 Qc8 25. h3 Nh7 26. Rdc1 Bg5 27. Bxg5 Nxg5 28. Qe3 Qd8 29. Bd1 Nd7 30. Be2 Nc5 31. b4 Nd7 32. c4 h4 33. Nf1 bxc4 34. Rxc4 Qf6 35. Bg4 Red8 36. Rc7 Nf8 37. Nd2 Qf4 38. Qxf4 exf4 39. f3 Ngh7 40. Rbc1 Nf6 41. Bc8 N8d7 42. Nb3 Ne5 43. Bb7 Ra7 44. Na5 Rb8 45. R1c6 Nxc6 46. dxc6 Kg7 47. Re7 Kf8 48. Rc7 Ke8 49. Kf2 Rd8 50. Ke2 Rb8 51. Nc4 Rd8 52. Nb6 a5 53. Nc8 Rxc8 54. Rxc8+ Ke7 55. b5 a4 56. b6 Ra5 57. c7 a3 58. Bd5 Nxd5 59. exd5 a2 60. Re8+ Kf6 61. c8Q a1Q 62. Qd8+ Kf5 63. Qd7+ Kf6 64. Qxd6+ Kf5 65. Qd7+ Kg5 66. Qg4+ Kf6 67. Qxh4+ Kf5 68. Qg4+ Kf6 69. Qxf4+ Kg7 70. Qe5+ Qxe5+ 71. Rxe5 1-0

[Event "Metz op 21st"]
[Site "Metz"]
[Date "2003.04.21"]
[Round "3"]
[White "Steininger, Denis"]
[Black "Bagheri, Amir"]
[Result "0-1"]
[WhiteElo "2073"]
[BlackElo "2439"]
[PlyCount "70"]
[EventDate "2003.04.19"]
[EventType "swiss"]
[EventRounds "9"]
[EventCountry "FRA"]
[SourceTitle "CBM 093 Extra"]
[Source "ChessBase"]
[SourceDate "2003.05.09"]
[SourceVersion "1"]
[SourceVersionDate "2003.05.09"]
[SourceQuality "1"]

1. e4 c6 2. d4 d5 3. e5 Bf5 4. Nc3 Qb6 5. f4 e6 6. Nf3 c5 7. Bb5+ Nc6 8. Be3 Bg4 9. dxc5 Bxc5 10. Bxc5 Qxc5 11. Qd4 Qe7 12. Qa4 Qc7 13. Be2 Bxf3 14. Bxf3 Qb6 15. Nb5 Qe3+ 16. Kd1 Qb6 17. c3 Nge7 18. Nd6+ Kf8 19. Kc2 Qf2+ 20. Kd3 b5 21. Qc2 Qb6 22. Rhf1 Ng6 23. Kd2 Nxf4 24. Nxf7 Kxf7 25. Bh5+ g6 26. Rxf4+ Kg7 27. Re1 gxh5 28. Qd3 Rhf8 29. Qg3+ Kh8 30. Rf6 Qc7 31. Rxe6 Rae8 32. Rxe8 Rxe8 33. Qg5 Nxe5 34. Qf6+ Qg7 35. Qxg7+ Kxg7 0-1

[Event "Metz op 15th"]
[Site "Metz"]
[Date "1997.??.??"]
[Round "3"]
[White "Alet, Jean Pierre"]
[Black "Steininger, Denis"]
[Result "1-0"]
[WhiteElo "2180"]
[BlackElo "2120"]
[PlyCount "56"]
[EventDate "1997.04.??"]
[EventType "swiss"]
[EventRounds "9"]
[EventCountry "FRA"]
[SourceTitle "EXT 1999"]
[Source "ChessBase"]
[SourceDate "1998.11.16"]
[SourceVersion "1"]
[SourceVersionDate "1998.11.16"]
[SourceQuality "1"]

1. c4 Nf6 2. Nc3 d6 3. d4 Bf5 4. f3 e5 5. e4 exd4 6. Qxd4 Nc6 7. Qd1 Be6 8. b3 Be7 9. Nge2 Nd7 10. g3 Bf6 11. Be3 0-0 12. Rc1 Be7 13. Bg2 f5 14. Nf4 Bf7 15. exf5 Re8 16. Nfd5 Bg5 17. Kf2 Bxe3+ 18. Nxe3 Bh5 19. Re1 Nde5 20. Ncd5 a5 21. a3 Qd7 22. Qd2 Rf8 23. h3 Be8 24. f4 Rxf5 25. Kg1 Rg5 26. fxg5 Qxh3 27. Bxh3 Nf3+ 28. Kh1 Nxd2 1-0

[Event "Groningen op"]
[Site "Groningen"]
[Date "1997.??.??"]
[Round "1"]
[White "Steininger, Denis"]
[Black "Janssen, Ruud"]
[Result "0-1"]
[WhiteElo "2135"]
[BlackElo "2330"]
[PlyCount "102"]
[EventDate "1997.12.20"]
[EventType "swiss"]
[EventRounds "11"]
[EventCountry "NED"]
[SourceTitle "CBM 062 Extra"]
[Source "ChessBase"]
[SourceDate "1998.03.09"]
[SourceVersion "1"]
[SourceVersionDate "1998.03.09"]
[SourceQuality "1"]

1. Nf3 Nf6 2. g3 d5 3. Bg2 Bg4 4. c4 c6 5. Qb3 Qb6 6. Qxb6 axb6 7. Ne5 dxc4 8. Nxc4 Nbd7 9. d4 Be6 10. Nbd2 b5 11. Ne3 g6 12. b3 Bg7 13. Bb2 0-0 14. Nc2 Nd5 15. e4 N5b6 16. f4 f5 17. Nf3 fxe4 18. Ng5 Bf5 19. h3 Nc5 20. g4 Nd3+ 21. Kd2 Nxb2 22. gxf5 gxf5 23. Ne6 Rf6 24. Nc5 Nd5 25. Rhf1 Rg6 26. Rf2 Rg3 27. Bxe4 fxe4 28. Nxe4 Rd3+ 29. Kc1 Bxd4 30. Rg2+ Kf8 31. Nxd4 Rxd4 32. Ng5 Nd3+ 33. Kc2 Ne3+ 34. Kc3 Nxg2 35. Kxd4 Ngxf4 36. Rf1 e5+ 37. Ke4 Rxa2 38. Ne6+ Ke7 39. Nxf4 Nxf4 40. Kxe5 Nxh3 41. Rh1 Re2+ 42. Kd4 Ng5 43. Kc5 Kf6 44. Kb6 Re7 45. b4 Kg6 46. Ra1 h5 47. Ra7 h4 48. Rxb7 Rxb7+ 49. Kxb7 h3 50. Kxc6 h2 51. Kxb5 h1Q 0-1